Estaciones de Transcaribe (Cartagena, Colombia) - Estadísticas

Estadísticas generales
  • Esta prueba ha sido intentada 16 veces
  • La puntuación promedio es 6 de 18
Estadísticas de respuestas
Troncal Pedro de Heredia % Correcto
Centro
88%
Bazurto
63%
La Castellana
50%
Los Ejecutivos
50%
Cuatro Vientos
38%
La Bodeguita
38%
Los Ángeles
38%
República del Líbano
38%
Chambacú
25%
Delicias
25%
España
25%
Lo Amador
25%
Madre Bernarda
25%
María Auxiliadora
25%
Patio Portal
25%
Villa Olímpica
25%
El Prado
13%
La Popa
13%
No se encontraron pruebas coincidentes
Distribución de puntuación
Porcentaje de gente con cada puntuación
Porcentaje por número respondido
Historial de tus puntuaciones
No has intentado esta prueba.